| 000 | 02624nam a2200361 a 4500 | ||
|---|---|---|---|
| 005 | 20100408160149.0 | ||
| 008 | 000414s2000 ii b 100 0 eng | ||
| 010 | _aB-361763-769 | ||
| 020 |
_a0195645456 _c350.00 |
||
| 020 |
_a9780195645455 _c350.00 |
||
| 035 | _aB-361763-769 | ||
| 037 | _bUppal Book Store | ||
| 040 |
_adpl _bEnglish |
||
| 082 | _a791.530954 | ||
| 245 |
_aMaking meaning in Indian cinema / _cedited by Ravi S. Vasudevan |
||
| 260 |
_aNew Delhi _bOxford University Press _c2009 |
||
| 270 |
_aYMCA Library Building, Jai Singh Road, _bNew Delhi _e110001 |
||
| 300 |
_ax, 317 p. _c22 cm(pbk) |
||
| 504 | _aIncludes bibliographical references | ||
| 520 | _aContributed seminar papers. | ||
| 650 |
_aMotion pictures _zIndia _xHistory. |
||
| 650 |
_aMotion pictures _xPlots, themes, etc. |
||
| 700 | _aVasudevan, Ravi | ||
| 942 |
_2ddc _cEN _mMAK _h791.530954 |
||
| 999 |
_c35163 _d35163 |
||